[Event "UK Armed Forces-ch"]
[Site "Wittering"]
[Date "2023.04.17"]
[Round "7"]
[White "O'Brien, Anthony"]
[Black "Barnes, David JR"]
[Result "1-0"]
[WhiteElo "1425"]
[BlackElo "1789"]
[PlyCount "131"]
[EventDate "2023.04.14"]
[EventType "swiss"]
[EventRounds "7"]
[EventCountry "ENG"]
[SourceTitle "EXT 2024"]
[Source "ChessBase"]
[SourceDate "2023.10.10"]
[SourceVersion "1"]
[SourceVersionDate "2023.10.10"]
[SourceQuality "1"]

1. d4 c5 2. c3 g6 3. e3 Bg7 4. Bd3 d5 5. Nd2 Nc6 6. a3 c4 7. Bc2 Nf6 8. f4 a5 9. Ngf3 b5 10. h3 a4 11. Qe2 Nh5 12. Qf2 f5 13. Ng5 Nf6 14. Bd1 Qd6 15. Ngf3 Be6 16. Ne5 0-0-0 17. g4 Ne4 18. Qg2 Nxe5 19. dxe5 Qb6 20. Nf3 Nc5 21. Nd4 Nd3+ 22. Kd2 Bd7 23. Qxd5 e6 24. Qg2 Bf8 25. Bf3 Bc5 26. Kc2 Rhf8 27. g5 Rf7 28. Bc6 Bxd4 29. Bxd7+ Rfxd7 30. exd4 Rd5 31. h4 Qc7 32. Bd2 Kb8 33. Rh3 b4 34. axb4 Qd7 35. Rh2 Qb5 36. Qf1 Rc8 37. h5 Nxb4+ 38. cxb4 Rxd4 39. Bc3 Re4 40. hxg6 hxg6 41. Re2 Qc6 42. Rxe4 Qxe4+ 43. Kc1 Rd8 44. Qf2 Qh1+ 45. Qe1 Qf3 46. Bd2 Qc6 47. Qd1 Rh8 48. Rxa4 Rh1 49. Be1 Rxe1 50. Ra8+ Qxa8 51. Qxe1 Qa1+ 52. Kd2 Qxb2+ 53. Ke3 Qb3+ 54. Kd4 Kb7 55. Kc5 c3 56. b5 Qa3+ 57. Kd4 c2 58. Qh1+ Kb6 59. Qc6+ Ka5 60. Qxc2 Qb4+ 61. Qc4 Qd2+ 62. Kc5 Qe3+ 63. Kd6 Qb6+ 64. Qc6 Qd8+ 65. Kxe6 Qg8+ 66. Kf6 1-0

[Event "UK Armed Forces-ch"]
[Site "Wittering"]
[Date "2023.04.16"]
[Round "6"]
[White "Woodrough, Thomas"]
[Black "O'Brien, Anthony"]
[Result "0-1"]
[WhiteElo "1600"]
[BlackElo "1425"]
[PlyCount "52"]
[EventDate "2023.04.14"]
[EventType "swiss"]
[EventRounds "7"]
[EventCountry "ENG"]
[SourceTitle "EXT 2024"]
[Source "ChessBase"]
[SourceDate "2023.10.10"]
[SourceVersion "1"]
[SourceVersionDate "2023.10.10"]
[SourceQuality "1"]

1. e4 e6 2. d4 d5 3. Nc3 Nf6 4. e5 Nfd7 5. Nf3 c5 6. Ne2 Nc6 7. c3 Qb6 8. Ng3 cxd4 9. cxd4 Bb4+ 10. Bd2 Nxd4 11. Nxd4 Qxd4 12. Bxb4 Qxb4+ 13. Qd2 Qxd2+ 14. Kxd2 Nxe5 15. Kc2 Ng4 16. f3 Ne3+ 17. Kb1 Bd7 18. b3 Rc8 19. Bd3 Nxg2 20. Kb2 Nf4 21. Bc2 Bb5 22. a4 Bd3 23. Bxd3 Nxd3+ 24. Ka3 0-0 25. Rhg1 Nf4 26. Rac1 h5 0-1